Central Library OPAC University of Rajshahi

World War I : (Record no. 18470)

MARC details
000 -LEADER
fixed length control field 00906nam a22002531a 4500
001 - CONTROL NUMBER
control field 18470
003 - CONTROL NUMBER IDENTIFIER
rucl marc code BD-RjUL
005 - DATE AND TIME OF LATEST TRANSACTION
control field 20211209000306.0
008 - FIXED-LENGTH DATA ELEMENTS--GENERAL INFORMATION
fixed length control field 140220s1962 nyub b 00110 eng d
035 ## - SYSTEM CONTROL NUMBER
System control number (BD-RjUL)18528
040 ## - CATALOGING SOURCE
Modifying agency BD-RjUL
Original cataloging agency BD-RjUL
Language of cataloging eng
Transcribing agency BD-RjUL
041 ## - LANGUAGE CODE
Language code of text/sound track or separate title eng
082 1# - DEWEY DECIMAL CLASSIFICATION NUMBER
Classification number 940.3
Edition number 19
Author mark and year BAW 1962
100 1# - MAIN ENTRY--PERSONAL NAME
Personal name Baldwin, Hanson W.
Fuller form of name (Hanson Weightman),
Dates associated with a name 1903-
9 (RLIN) 56905
245 10 - TITLE STATEMENT
Title World War I :
Remainder of title an outline history /
Statement of responsibility, etc. Hanson W. Baldwin.
260 ## - PUBLICATION, DISTRIBUTION, ETC. (IMPRINT)
Place of publication, distribution, etc. New York :
Name of publisher, distributor, etc. Harper & Row,
Date of publication, distribution, etc. c1962.
300 ## - PHYSICAL DESCRIPTION
Pagination ix, 181 p. :
Illustrations 22 cm.
Size ill. ;
500 ## - GENERAL NOTE
General note Reviews: New York Times Book Review, 19th Aug. 1962 p.7, Times Literary Supplement, 2nd Aug. 1963 p.591.
504 ## - BIBLIOGRAPHY, ETC. NOTE
Bibliography, etc Includes bibliographical reference and index.
650 #0 - SUBJECT ADDED ENTRY--TOPICAL TERM
Topical term or geographic name as entry element World War, 1914-1918
General subdivision Outlines, syllabi, etc.
9 (RLIN) 56906
Topical term or geographic name as entry element World War, 1914-1918
General subdivision Campaigns.
9 (RLIN) 56907
942 ## - ADDED ENTRY ELEMENTS (KOHA)
Source of classification or shelving scheme Dewey Decimal Classification
Koha item type Books
Holdings
Lost status Source of classification or shelving scheme Damaged status Not for loan Collection code Permanent Location Current Location Shelving location Date acquired Source of acquisition Cost, normal purchase price Total Checkouts Full call number Date last seen Copy number Koha item type
  Dewey Decimal Classification   Not For Loan Non-fiction Central Library, University of Rajshahi Central Library, University of Rajshahi Reading Room 16/07/2064 Zetlinger 30.00   940.3 BAW 1962 20/02/2014 C-1 Books